How to teach police subjects : theory and practice.

Bibliographic Details
Main Author: Harrison, Leonard H.
Format: Book
Language:English
Published: Springfield, Ill. : Thomas, [1964]
Subjects:

MARC

Tag First Indicator Second Indicator Subfields
LEADER 00000cam a2200000 4500
001 in00000075320
005 20151008052624.0
008 770719s1964 ilu 00000 eng
010 |a  63020935  
035 |a (OCoLC)03126663 
035 |9 AAH4169AM 
040 |a DLC  |c OCP  |d OCL  |d TXA  |d UtOrBLW 
049 |a TXAM  |c [416084] 
050 0 0 |a HV7923  |b .H3 1964 
092 |a 352.2  |b H319h 
100 1 |a Harrison, Leonard H. 
245 1 0 |a How to teach police subjects :  |b theory and practice. 
264 1 |a Springfield, Ill. :  |b Thomas,  |c [1964] 
300 |a xiv, 98 pages :  |b illustrations ;  |c 24 cm. 
336 |a text  |b txt  |2 rdacontent 
337 |a unmediated  |b n  |2 rdamedia 
338 |a volume  |b nc  |2 rdacarrier 
650 0 |a Police  |x Study and teaching. 
999 |a MARS 
999 f f |s 7190ebac-ed65-38e0-8b8e-9072858538b5  |i d818751f-f5b9-3d3c-bf83-8d5809cd6309  |t 0 
952 f f |p ric  |a Texas A&M University  |b Rellis Campus  |c Joint Library Facility  |d Remote Storage  |t 0  |e HV7923 .H3 1964  |h Library of Congress classification  |i unmediated -- volume  |m A14800797832 
998 f f |a HV7923 .H3 1964  |t 0  |l Remote Storage